Anatomía y fisiología del sistema nervioso. (Registro nro. 287)
[ vista simple ]
| 000 -LEADER | |
|---|---|
| fixed length control field | 01155 am a2200313 a 4500 |
| 005 - FECHA ULTIMA MODIFICACION | |
| control field | 20240614082739.0 |
| 008 - CAMPO DE CONTROL (LIBRO) | |
| fixed length control field | 100503s1994||||ag a f |||| 001 0 spa d |
| 020 ## - INTERNATIONAL STANDARD BOOK NUMBER | |
| ISBN | 9500608715 |
| 041 ## - CODIGO DE IDIOMA | |
| Código de idioma del texto/pista de sonido o título separado | spa |
| 092 ## - SIGNATURA TOPOGRAFICA DEWEY LOCAL | |
| número de clasificación | 612 |
| libristica | 31 |
| sección | GUY |
| 100 1# - ENTRADA PRINCIPAL--NOMBRE PERSONAL | |
| Nombre personal | Guyton, Arthur C. |
| 9 (RLIN) | 252 |
| 245 ## - TITULO PROPIAMENTE DICHO | |
| Título | Anatomía y fisiología del sistema nervioso. |
| Subtítulo y Título paralelo | Neurociencia básica / |
| Mención de responsabilidad y remanente de la transcripción de la portada | Arthur C. Guyton. |
| 250 ## - MENCION DE EDICION | |
| Mención de edición | 2a ed. 1a reimp. |
| Mención de responsabilidad relacionada con la ed. | Traducción Diana Klayn |
| 260 ## - PIE DE IMPRENTA | |
| Lugar de publicación, distribución, etc | Buenos Aires: |
| Nombre de la editorial, distribuidor, etc | Editorial Médica Panamericana; |
| Fecha de publicación | 1997. |
| 300 ## - DESCRIPCION FISICA | |
| Extension | 472 p. |
| 500 ## - NOTA GENERAL | |
| Nota general | Guyton, A. C. (1997). Anatomía y fisiología del sistema nervioso. Neurociencia básica. (2a ed.). Buenos Aires : Editorial Médica Panamericana. |
| 590 ## - NOTAS LOCALES (RLIN) | |
| Nota local | Donación Cecilia Fontana, 2007 |
| 653 ## - TÉRMINO INDIZADO - PALABRAS CLAVES | |
| Palabra clave | Anatomía macroscópica |
| 653 ## - TÉRMINO INDIZADO - PALABRAS CLAVES | |
| Palabra clave | Biofísica de membrana y señales nerviosas |
| 653 ## - TÉRMINO INDIZADO - PALABRAS CLAVES | |
| Palabra clave | SNC: principios generales y fisiología sensorial |
| 653 ## - TÉRMINO INDIZADO - PALABRAS CLAVES | |
| Palabra clave | SNC: los sentidos especiales |
| 653 ## - TÉRMINO INDIZADO - PALABRAS CLAVES | |
| Palabra clave | SNC: Neurofisiología motora e integradora |
| 653 ## - TÉRMINO INDIZADO - PALABRAS CLAVES | |
| Palabra clave | Control nervioso de las funciones orgánicas |
| 930 ## - NUMERO DE INVENTARIO | |
| Número de inventario | 1822 |
| 930 ## - NUMERO DE INVENTARIO | |
| Número de inventario | 1633 |
| 930 ## - NUMERO DE INVENTARIO | |
| Número de inventario | 1126 |
| 930 ## - NUMERO DE INVENTARIO | |
| Número de inventario | 801 |
| 942 ## - ADDED ENTRY ELEMENTS (KOHA) | |
| Source of classification or shelving scheme | Dewey Decimal Classification |
| Item type | Libros |
| Estado de retiro | Existencia | Fuente de clasificación | Estado general | No para prestamo | Ubicación permanente | ubicación actual | Sala de ubicación | Fecha de adquisición | Total Checkouts | Total Renewals | Número de clasificación | Código de barras | Date last seen | Date last borrowed | Número de ejemplar | Price effective from | Koha tipo de elemento (item) | Public note | Coded location qualifier | Colección | Fuente de adquisición |
|---|---|---|---|---|---|---|---|---|---|---|---|---|---|---|---|---|---|---|---|---|---|
| Dewey Decimal Classification | Biblioteca Medicina | Biblioteca Medicina | Circulación | 13/05/2011 | 32 | 2 | 612 31 GUY | 1822 | 29/09/2025 | 19/09/2025 | ej.4 | 13/05/2011 | Libros | Sede Tordos. | |||||||
| Biblioteca Medicina | Biblioteca Medicina | Circulación | 13/05/2011 | 31 | 2 | 612 31 GUY | 1633 | 02/06/2023 | 30/05/2023 | ej.3 | 13/05/2011 | Libros | |||||||||
| Dewey Decimal Classification | Biblioteca Medicina | Biblioteca Medicina | Circulación | 13/05/2011 | 6 | 612 31 GUY | 1126 | 27/02/2025 | 19/12/2024 | ej.2 | 13/05/2011 | Libros | Sede Tordos. | ||||||||
| Dewey Decimal Classification | Biblioteca Medicina | Biblioteca Medicina | Referencia | 13/05/2011 | 2 | 612 31 GUY | 801 | 28/03/2016 | 23/03/2016 | ej.1 | 18/08/2011 | Reference | LIBRO DE CONSULTA | Reference | |||||||
| Dewey Decimal Classification | Biblioteca Medicina | Biblioteca Medicina | Circulación | 27/09/2017 | 7 | 612.;31;GUY | 3950 | 29/09/2023 | 28/09/2023 | Ej. 5 | 27/09/2017 | Libros | Donacion Rotarac Club Cipolletti Comahue. Septiembre 2017 | Donacion |